|
|
|
|
| LEADER |
00000nam a2200000Ii 4500 |
| 001 |
DIGUCANT0095 |
| 003 |
NyNyDIG |
| 006 |
m o d |
| 007 |
cr ||||||||||| |
| 008 |
211025s2020 sp a ob 000 0 spa d |
| 035 |
|
|
|a (OCoLC)1282640305
|
| 040 |
|
|
|a DGITA
|b eng
|e rda
|e pn
|c DGITA
|
| 020 |
|
|
|a 9788481029376
|q eBook
|q pdf
|
| 020 |
|
|
|z 9788481025446
|q rústica
|
| 050 |
1 |
4 |
|a TK7800 ebook
|
| 082 |
0 |
4 |
|a 621.381
|
| 100 |
1 |
|
|a Ruiz Robredo, Gustavo A.,
|d 1962-
|e author.
|
| 245 |
1 |
0 |
|a Electrónica básica para ingenieros /
|c Gustavo A. Ruiz Robredo.
|
| 264 |
|
1 |
|a Santander :
|b Editorial de la Universidad de Cantabria,
|c 2020.
|
| 300 |
|
|
|a 1 online resource :
|b illustrations.
|
| 336 |
|
|
|a text
|b txt
|2 rdacontent
|
| 337 |
|
|
|a computer
|b c
|2 rdamedia
|
| 338 |
|
|
|a online resource
|b cr
|2 rdacarrier
|
| 347 |
|
|
|a text file
|2 rdaft
|
| 347 |
|
|
|b EPUB
|
| 347 |
|
|
|b PDF
|
| 490 |
1 |
|
|a Textos universitarios ;
|v no. 12.
|a Ingenierías
|
| 490 |
1 |
|
|a Colección Manuales ;
|v 45
|
| 504 |
|
|
|a Includes bibliographical references.
|
| 588 |
0 |
|
|a Online resource; title from ePub title page (Digitalia, viewed October 25, 2021)
|
| 650 |
|
0 |
|a Electronics
|x Problems, exercises, etc.
|
| 650 |
|
0 |
|a Electronic circuits
|x Problems, exercises, etc.
|
| 655 |
|
0 |
|a Electronic books.
|
| 791 |
2 |
|
|a Digitalia (Firm),
|e distributor.
|
| 793 |
0 |
|
|g Digitalia eBook Collection:
|a Universidad de Cantabria
|
| 776 |
0 |
8 |
|i Print version:
|a Ruiz Robredo, Gustavo A.
|t Electrónica básica para ingenieros.
|d Santander : Editorial de la Universidad de Cantabria, 2020
|z 9788481025446
|
| 830 |
|
0 |
|a Textos universitarios (Editorial Universidad de Cantabria) ;
|v no. 12.
|p Ingenierías.
|
| 830 |
|
0 |
|a Colección Manuales (Editorial Universidad de Cantabria) ;
|v 45
|
| 856 |
4 |
0 |
|3 Digitalia Hispánica
|u https://www.digitaliapublishing.com/a/68992/
|
| 910 |
|
|
|a Premium collection: 2021
|